Inteligentní systém na podporu rozhodování při plánování úkolů.

Charakteristické rysy systémov na podporu rozhodovania (SPR). Hybridné systémy na podporu rozhodovania. Mikropočítačový programový systém pre plánovanie a riadenie RVT - SPRKER. Tvorba ISPR a jej etapy. Postupnosť krokov a kategorizácia programu. Špeciálne metódy používané pri výbere úloh.

Na minha lista:
Detalhes bibliográficos
Autor principal: Keřkovský, M.
Outros Autores: Ondrák, V.
Formato: Capítulo de Livro
Idioma:tcheco
Assuntos:
Tags: Adicionar Tag
Sem tags, seja o primeiro a adicionar uma tag!

MARC

LEADER 00000naa a2200000 4500
001 r005777
005 20221125080821.2
041 0 |a cze 
044 |a [CS] 
245 1 0 |a Inteligentní systém na podporu rozhodování při plánování úkolů.  |c M. Keřkovský, V. Ondrák 
520 |a Charakteristické rysy systémov na podporu rozhodovania (SPR). Hybridné systémy na podporu rozhodovania. Mikropočítačový programový systém pre plánovanie a riadenie RVT - SPRKER. Tvorba ISPR a jej etapy. Postupnosť krokov a kategorizácia programu. Špeciálne metódy používané pri výbere úloh. 
610 2 0 |a inteligencia umelá 
610 2 0 |a rozhodovanie 
610 2 0 |a riadenie 
610 2 0 |a plánovanie 
610 2 0 |a programy počítačové 
610 2 0 |a mikropočítače 
610 2 0 |a ISPR 
100 1 |a Keřkovský, M. 
700 1 |a Ondrák, V.